000 00585nam a2200181 a 4500
005 20140310183521.0
008 111018s19uu xx 00 eng d
020 _a0814415911
050 _aBF 698.35.C45
_b.M67 2011
100 _aMortensen, Kurt W.
245 _aThe laws of charisma :
_bhow to captivate, inspire, and influence for maximum success /
_cKurt W. Mortensen.
260 _aNew York :
_bAmerican Management Association,
_c2011.
300 _a214 p. :
_c24 cm.
650 _aCharisma (Personality trait)
650 _aSuccess
942 _cBK
_2lcc
_kFOR
999 _c24411
_d24411